El primer arte cristiano: 200-329
保存先:
| 第一著者: | |
|---|---|
| フォーマット: | 図書 |
| 言語: | スペイン語 |
| 出版事項: |
Madrid
Aguilar
1967
|
| シリーズ: | El universo de las formas
|
| 主題: | |
| タグ: |
タグ追加
タグなし, このレコードへの初めてのタグを付けませんか!
|
MARC
| LEADER | 00000nam a2200000 a 4500 | ||
|---|---|---|---|
| 001 | UCV9682 | ||
| 003 | CL-VaPUC | ||
| 008 | 930318e19670000SP |||||||||||||||||spa|d | ||
| 082 | 0 | 4 | |a 709.015 |b GRA |2 21 |
| 100 | |a Grabar, André |e author |9 592177 | ||
| 245 | 1 | 3 | |a El primer arte cristiano: 200-329 |
| 300 | |a 326 p | ||
| 942 | |c BK | ||
| 945 | |d 19930318 00:00:00 | ||
| 260 | |a Madrid |b Aguilar |c 1967 | ||
| 650 | 0 | |a Arte cristiano primitivo |9 268534 | |
| 650 | 0 | |a Obras ilustradas |9 265022 | |
| 583 | |a last modification |c 19930318 00:00:00 |k Rodrigo Vera | ||
| 490 | 0 | |a El universo de las formas | |
| 999 | |c 214983 |d 214981 | ||
| 952 | |0 0 |1 0 |4 0 |6 709_015000000000000_GRA_1967 |7 0 |8 F |9 198857 |a BIBARQ |b BIBARQ |d 2019-11-14 |i 2662345 |o 709.015 GRA 1967 |p 2662345 |r 2025-01-20 |w 2019-11-14 |y BK_F |k ARQ | ||
| 952 | |0 0 |1 0 |4 0 |6 709_015000000000000_GRA_1967 |7 0 |8 X |9 198858 |a BIBHIS |b BIBHIS |d 2019-11-14 |i 1362372 |o 709.015 GRA 1967 |p 1362372 |r 2024-01-30 |w 2019-11-14 |y BK_X |k HIS | ||
| 952 | |0 0 |1 0 |4 0 |6 709_015000000000000_GRA_1967 |7 0 |8 F |9 198859 |a BIBART |b BIBART |d 2019-11-14 |i 3737209 |o 709.015 GRA 1967 |p 3737209 |r 2025-03-13 |w 2019-11-14 |y BK_F |k ART | ||